| 000 | 00563nam a2200193Ia 4500 | ||
|---|---|---|---|
| 005 | 20260120124555.0 | ||
| 008 | 008 260114s9999 xx 000 0 eng d | ||
| 020 | _a9781780521923 | ||
| 037 | _aEBOOK | ||
| 040 |
_aCRL _beng _cCRL |
||
| 041 |
_aeng _2eng |
||
| 084 | _qCRL | ||
| 245 | 0 | _aProject-Based Organizing and Strategic Management | |
| 260 |
_bEmerald Publishing _c2011 |
||
| 700 |
_aGino Cattani _9907937 |
||
| 856 | _uhttps://www.emerald.com/insight/publication/doi/10.1108/S0742-3322(2011)28 | ||
| 942 | _cEBOOK | ||
| 999 |
_c1499826 _d1499826 |
||